<?xml version="1.0" encoding="UTF-8"?>
<record
    xmlns:xsi="http://www.w3.org/2001/XMLSchema-instance"
    xsi:schemaLocation="http://www.loc.gov/MARC21/slim http://www.loc.gov/standards/marcxml/schema/MARC21slim.xsd"
    xmlns="http://www.loc.gov/MARC21/slim">

  <leader>00707nam a2200169   4500</leader>
  <controlfield tag="003">LK-CoMWRAF</controlfield>
  <controlfield tag="005">20231217205605.0</controlfield>
  <controlfield tag="008">231217b        |||||||| |||| 00| 0 eng d</controlfield>
  <datafield tag="040" ind1=" " ind2=" ">
    <subfield code="a">LK-CoMWRAF</subfield>
    <subfield code="d">LK-CoMWRAF</subfield>
    <subfield code="e">LK-CoMWRAF</subfield>
  </datafield>
  <datafield tag="041" ind1=" " ind2=" ">
    <subfield code="a">sin</subfield>
  </datafield>
  <datafield tag="082" ind1=" " ind2=" ">
    <subfield code="a">343</subfield>
    <subfield code="b">NAW</subfield>
  </datafield>
  <datafield tag="245" ind1=" " ind2=" ">
    <subfield code="a">&#xDB1;&#xDC0; &#xD86;&#xDAB;&#xDCA;&#xDA9;&#xDD4;&#xD9A;&#xDCA;&#x200D;&#xDBB;&#xDB8; &#xDC0;&#xDCA;&#x200D;&#xDBA;&#xDC0;&#xDC3;&#xDCA;&#xDAE;&#xDCF;&#xDC0;&#xD9A;&#xDCA; &#xD85;&#xDB4;&#xDA7; &#xD85;&#xDC0;&#xDC1;&#xDCA;&#x200D;&#xDBA; &#xD87;&#xDBA;&#xDD2;?</subfield>
  </datafield>
  <datafield tag="246" ind1=" " ind2=" ">
    <subfield code="a">Nawa andukrama wyawasthawak apata awashya ayi?</subfield>
  </datafield>
  <datafield tag="260" ind1=" " ind2=" ">
    <subfield code="a">&#xD9A;&#xDDC;&#xDC5;&#xDB9; : </subfield>
    <subfield code="b">&#xD86;&#xDAB;&#xDCA;&#xDA9;&#xDD4;&#xD9A;&#xDCA;&#x200D;&#xDBB;&#xDB8; &#xDC0;&#xDCA;&#x200D;&#xDBA;&#xDC0;&#xDC3;&#xDCA;&#xDAE;&#xDCF; &#xDC0;&#xDD9;&#xDB1;&#xDC3;&#xD9A;&#xDA7; &#xDB4;&#xDD4;&#xDBB;&#xDC0;&#xDD0;&#xDC3;&#xDD2; &#xDB4;&#xDCA;&#x200D;&#xDBB;&#xDBA;&#xDAD;&#xDCA;&#xDB1;&#xDBA;,</subfield>
  </datafield>
  <datafield tag="650" ind1=" " ind2=" ">
    <subfield code="a">&#xD86;&#xDAB;&#xDCA;&#xDA9;&#xDD4;&#xD9A;&#xDCA;&#x200D;&#xDBB;&#xDB8; &#xDC0;&#xDCA;&#x200D;&#xDBA;&#xDC0;&#xDC3;&#xDCA;&#xDAE;&#xDCF;&#xDC0;</subfield>
  </datafield>
  <datafield tag="942" ind1=" " ind2=" ">
    <subfield code="c">BK</subfield>
  </datafield>
  <datafield tag="952" ind1=" " ind2=" ">
    <subfield code="0">0</subfield>
    <subfield code="1">0</subfield>
    <subfield code="4">0</subfield>
    <subfield code="7">0</subfield>
    <subfield code="a">MAIN</subfield>
    <subfield code="b">MAIN</subfield>
    <subfield code="d">2023-12-17</subfield>
    <subfield code="l">0</subfield>
    <subfield code="o">343 NAW</subfield>
    <subfield code="p">RAF4896</subfield>
    <subfield code="r">2023-12-17</subfield>
    <subfield code="w">2023-12-17</subfield>
    <subfield code="y">BK</subfield>
  </datafield>
  <datafield tag="999" ind1=" " ind2=" ">
    <subfield code="c">4508</subfield>
    <subfield code="d">4508</subfield>
  </datafield>
</record>
